| 000 | 00908nam a22002057a 4500 | ||
|---|---|---|---|
| 999 |
_c61141 _d61141 |
||
| 005 | 20231222122622.0 | ||
| 008 | 231222s1984 ru ||||| |||| 00| 0 rus d | ||
| 041 | _aRUS | ||
| 080 | _a1(3)(091) B-80 | ||
| 245 |
_aВ преддверии философии : _bДуховные искания древнего человека / _cГ. Франкфорт, Г. А. Франкфорт, Дж.Уилсон, Т. Якобсен. |
||
| 264 |
_aМосква : _bНаука, _c1984. |
||
| 300 |
_a234 с.; _b22 см. |
||
| 653 | _aფილოსოფია | ||
| 653 | _aადამიანის სულიერი ძიება | ||
| 700 |
_aФранкфорт, Г _eავტორი _920854 |
||
| 700 |
_aФранкфорт, Г. А _eავტორი _920855 |
||
| 700 |
_aУилсон, Дж. _eავტორი _920856 |
||
| 700 |
_aЯкобсен, Т. _eავტორი _920857 |
||
| 942 |
_2udc _cBK |
||